Bajo la Cruz del Sur: Poemas

Guardat en:
Dades bibliogràfiques
Autor principal: Lillo, Samuel A. (autor)
Format: Llibre
Idioma:espanyol
Publicat: Santiago Nascimento 1926
Edició:1a. ed
Matèries:
Etiquetes: Afegir etiqueta
Sense etiquetes, Sigues el primer a etiquetar aquest registre!

MARC

LEADER 00000nam a2200000 a 4500
001 UCJ3289
003 CL-VaPUC
008 070124e19260000CL |||||||||||||||||spa|d
082 0 4 |a Ch861  |b LIL  |2 21 
100 |a Lillo, Samuel A.  |e autor  |9 504983 
245 1 0 |a Bajo la Cruz del Sur: Poemas 
250 |a 1a. ed 
300 |a 188 p 
942 |c BK 
945 |d 20070124 00:00:00  |a rinostro 
260 |a Santiago  |b Nascimento  |c 1926 
500 |a Front., retrato del autor; glosario de voces indígenas 
650 0 |a Poesía chilena   |9 268403 
650 0 |a Iconografía   |9 267998 
650 7 |a PREMIO NACIONAL DE LITERATURA 1947  |2 CL-VaPUC  |9 505030 
583 |a last modification  |c 20070124 00:00:00  |k Rodrigo Vera 
999 |c 319411  |d 319409 
952 |0 0  |1 0  |4 0  |6 CH_861_000000000000000_LIL_1926  |7 0  |8 X  |9 397730  |a FDOBUD  |b FDOBUD  |d 2019-11-22  |i 1001965  |o Ch861 LIL 1926  |p 1001965  |r 2019-11-22  |w 2019-11-22  |y BK_X  |k BUD